00614nam a2200229 a 4500001001300000003000900013005001700022008004100039020000900080082001300089100001900102245002900121260003500150300000800185500003500193650001200228700001900240902000800259942000700267952009300274999001700367nice12345678IN_TiNIC20260116014618.0070911s1998 jera grd 000 0 eng  ac7500a823bWIL aWillner, David aLillabies from Jerusalem aJerusalem bChana Yaffe c1998 a00p aincludes index and biblioraphy aFiction1 aWillner, David bSRS cND 00104070aHMIbHMId2008-06-23g75.00l0o823 WILp021512r2008-06-23w2026-01-16yVM c16230d16230